书目信息 |
| 题名: |
桥牌
|
|
| 作者: | ||
| 分册: | 一 | |
| 出版信息: | 北京 人民体育出版社 1981 |
|
| 页数: | 78页 | |
| 开本: | 19cm | |
| 丛书名: | ||
| 单 册: | ||
| 中图分类: | G899 | |
| 科图分类: | ||
| 主题词: | 文娱性体育活动 , 桥牌 | |
| 电子资源: | ||
| ISBN: | ||
| 000 | 00511nam0 2200217 45 | |
| 001 | 0183008645 | |
| 005 | 20060816170546.51 | |
| 010 | @dCNY0.22 | |
| 091 | @a7015.2131 | |
| 100 | @a19960215d1981 em y0chiy0121 ea | |
| 101 | 0 | @achi |
| 102 | @aCN@b110000 | |
| 105 | @aa z 000yy | |
| 200 | 10 | @a桥牌@Aqiao pai@h一 |
| 210 | @a北京@c人民体育出版社@d1981 | |
| 215 | @a78页@c照片@d19cm | |
| 606 | 0 | @a文娱性体育活动 |
| 606 | @a桥牌 | |
| 690 | @aG899 | |
| 801 | 0 | @aCN@bNLC@c20060816 |
| 905 | @f1@b73613@dG899@e1 | |
| 桥牌.一.-北京:人民体育出版社,1981 |
| 78页:照片;19cm |
| ISBN :CNY0.22 |
| ● |
| 相关链接 |
|
|
|
|
正题名:桥牌
索取号:G899/1
 
预约/预借
| 序号 | 登录号 | 条形码 | 馆藏地/架位号 | 状态 | 备注 |
| 1 | 0073613 | 000773513 | 密集书库/ [索取号:G899/1] | 在馆 | |
| 2 | 0073615 | 000307180 | 第一样本阅览室/ [索取号:G899/1] | 在馆 | |
| 3 | 0465090 | 204650902 | 密集书库/ [索取号:G899/1] | 在馆 |